<?xml version="1.0" encoding="UTF-8"?>
<marc:record xmlns:marc="http://www.loc.gov/MARC21/slim">
   <marc:leader>00000nam a2200000 a 4500</marc:leader>
   <marc:datafield ind1="1" ind2=" " tag="100">
      <marc:subfield code="a">Oehmann, Richard</marc:subfield>
      <marc:subfield code="4">drt</marc:subfield>
      <marc:subfield code="e">Regisseur/-in</marc:subfield>
   </marc:datafield>
   <marc:datafield ind1="1" ind2=" " tag="100">
      <marc:subfield code="a">Parzefall, Josef</marc:subfield>
      <marc:subfield code="4">drt</marc:subfield>
      <marc:subfield code="e">Regisseur/-in</marc:subfield>
   </marc:datafield>
   <marc:datafield ind1=" " ind2=" " tag="653">
      <marc:subfield code="a">CD-Hörbuch</marc:subfield>
   </marc:datafield>
   <marc:datafield ind1="0" ind2="0" tag="245">
      <marc:subfield code="a">Kasperl in Ferien und der Wachtelkönig [Tonträger]</marc:subfield>
   </marc:datafield>
   <marc:datafield ind1="0" ind2="0" tag="245">
      <marc:subfield code="b">eine bairische Kasperl-Komödie für Kinder</marc:subfield>
   </marc:datafield>
   <marc:datafield ind1=" " ind2="1" tag="264">
      <marc:subfield code="a">München</marc:subfield>
      <marc:subfield code="b">Rec Star Verl.</marc:subfield>
      <marc:subfield code="c">2017</marc:subfield>
   </marc:datafield>
   <marc:datafield ind1="1" ind2=" " tag="490">
      <marc:subfield code="a">Doctor Döblingers geschmackvolles Kasperltheater</marc:subfield>
   </marc:datafield>
   <marc:datafield ind1="1" ind2=" " tag="520">
      <marc:subfield code="a">Eine bairische Kasperl-Komödie für Kinder ab 5 Jahren und Erwachsene. Beim Spielen im Versteckstipark werden Kasperl und Seppl mehrfach gestört. Nicht allein der König Kurt schreitet lautstark daher, auch ein Geräuschekundler forscht herum, und manchmal ertönt überdies ein lautes "Crex-Crex", das allerdings nur der Kasperl hören kann. Aber richtig anstrengend wird es für die beiden erst nach der alljährlichen Orakel-Weissagung: Der Kasperl gerät in Verdacht ein Verschwörer zu sein und muss die Polizei austricksen. Der Seppl wird sogar verhaftet und soll mit Tomaten beworfen werden. So muss sich der Kasperl sogar verkleiden, um seinen besten Freund zu retten. [Verlagstext]</marc:subfield>
   </marc:datafield>
   <marc:datafield ind1=" " ind2=" " tag="041">
      <marc:subfield code="a">ger</marc:subfield>
   </marc:datafield>
   <marc:datafield ind1=" " ind2=" " tag="338">
      <marc:subfield code="a">Audiodisk</marc:subfield>
   </marc:datafield>
   <marc:datafield ind1=" " ind2=" " tag="300">
      <marc:subfield code="a">2</marc:subfield>
   </marc:datafield>
</marc:record>
